हिंदी कहानी : अस्मिता की तलाश : (Record no. 119501)
[ view plain ]
| 000 -LEADER | |
|---|---|
| fixed length control field | 01296nam a22002657a 4500 |
| 005 - DATE AND TIME OF LATEST TRANSACTION | |
| control field | 20170124103139.0 |
| 010 ## - LIBRARY OF CONGRESS CONTROL NUMBER | |
| LC control number | A-893633 |
| 020 ## - INTERNATIONAL STANDARD BOOK NUMBER | |
| Terms of availability | 250.00 |
| International Standard Book Number | 8185469806 |
| 035 ## - SYSTEM CONTROL NUMBER | |
| System control number | A-893633 |
| 037 ## - SOURCE OF ACQUISITION | |
| Source of stock number/acquisition | Cen Lib/Ret |
| 040 ## - CATALOGING SOURCE | |
| Original cataloging agency | DPL |
| Language of cataloging | HN |
| 082 ## - DEWEY DECIMAL CLASSIFICATION NUMBER | |
| Classification number | 823.08 |
| Item number | मधुरे |
| 100 ## - MAIN ENTRY--PERSONAL NAME | |
| Personal name | मधुरेश |
| 9 (RLIN) | 500 |
| 245 ## - TITLE STATEMENT | |
| Title | हिंदी कहानी : अस्मिता की तलाश : |
| Statement of responsibility, etc | मधुरेश |
| Remainder of title | कथा साहित्य में विश्वसनीयत और मूल्यवत्ता का संघर्ष / |
| 246 ## - VARYING FORM OF TITLE | |
| Title proper/short title | Hindi kahani : asmita ki talash : katha sahitya me vishvsniyata aur molyavatta ka sangharsh / |
| Remainder of title | by Madhuresh |
| 260 ## - PUBLICATION, DISTRIBUTION, ETC. (IMPRINT) | |
| Place of publication, distribution, etc | पंचकूला |
| Name of publisher, distributor, etc | आधार प्रकाशन |
| Date of publication, distribution, etc | 1997 |
| 270 ## - ADDRESS | |
| City | पंचकूला |
| Address | एस.से.ऍफ़. 267 सेक्टर-16 |
| Postal code | 134109 |
| 300 ## - PHYSICAL DESCRIPTION | |
| Extent | 340पृ. |
| Dimensions | 20सेमी(सजिल्द ) |
| 500 ## - GENERAL NOTE | |
| General note | सन्दर्भ सूची शामिल |
| 650 ## - SUBJECT ADDED ENTRY--TOPICAL TERM | |
| Topical term or geographic name as entry element | साहित्य--कहानियां |
| General subdivision | |
| Geographic subdivision | |
| 9 (RLIN) | 85275 |
| 650 ## - SUBJECT ADDED ENTRY--TOPICAL TERM | |
| Topical term or geographic name as entry element | हिंदी--कहानियां |
| 9 (RLIN) | 2082 |
| 650 ## - SUBJECT ADDED ENTRY--TOPICAL TERM | |
| Topical term or geographic name as entry element | literature -- stories |
| 9 (RLIN) | 85276 |
| 650 ## - SUBJECT ADDED ENTRY--TOPICAL TERM | |
| Topical term or geographic name as entry element | Hindi -stories |
| 9 (RLIN) | 85277 |
| 942 ## - ADDED ENTRY ELEMENTS (KOHA) | |
| Source of classification or shelving scheme | Dewey Decimal Classification |
| Koha item type | Hindi Books |
| Classification part | 823.08 |
| Call number suffix | मधुरे |
| Withdrawn status | Lost status | Damaged status | Not for loan | Home library | Current library | Date acquired | Source of acquisition | Cost, normal purchase price | Total Checkouts | Full call number | Barcode | Date last seen | Date checked out | Copy number | Cost, replacement price | Price effective from | Koha item type |
|---|---|---|---|---|---|---|---|---|---|---|---|---|---|---|---|---|---|
| Central Library | Central Library | 17/09/2015 | Cen Lib/Ref | 250.00 | 2 | 823.08 मधुरे | A-893633 | 09/09/2018 | 04/09/2018 | 1 | 250.00 | 17/09/2015 | Hindi Books |
